LEADER 00791nam a2200205 i 4500 001 000000192654 003 CaOOAMICUS 005 20150713000000.0 008 150713n it u000 u ita u 013 $a171278 040 $aSeMil$bita 245 10$aStoria del canone, del testo e delle versioni :$bispirazione, ermeneutica. 300 $a286 p., 16 p. di tav. 500 $aFondo card. Giovanni Colombo. 773 0 $aCheminant, Pietro$tIntroduzione alla Bibbia.$dTorino : SEI, [194-?]$g2$w()32195 850 $aSeMil 852 $aSeMil$W1$xVenegono$y1$m3GC V 216$j242312$B143229$CSeMilBibl$Z2$F154676 $8B 941 1 $a3 961 $aLascito: Colombo Card. Giovanni 996 $6245$aStoria del canone, del testo e delle versioni :$bispirazione, ermeneutica$9(OLS)http://semarc/title/277691 LEADER 00447naa a2200145 i 4500 001 000000302705 003 CaOOAMICUS 005 20180831172746.0 008 180831n xx u000 u und u 013 $a10439 040 $aSeMil$bita 100 1 $aQuilici, Folco,$d<1930-2018>.$0(OLS)http://semarc/name/90126 245 10$aCacciatori d'energia 3. 773 0 $tUomo ambiente energia.$w()36480 996 $6245$aCacciatori d'energia 3$9(OLS)http://semarc/title/378673